| 000 | 00659nam a2200181Ia 4500 | ||
|---|---|---|---|
| 008 | 210719s2021 xx 000 0 und d | ||
| 020 | _a978-1-481-4842-6747-9 | ||
| 041 | _aeng | ||
| 082 | _a005.13 ESHP | ||
| 100 | _aESHKABILOV (Sulaymon L) | ||
| 245 | _aPractical MATLAB modeling with simulink:programming and simulating ordinary and partial differential equations | ||
| 260 |
_aNew York _bApress _c2021 |
||
| 300 |
_axxii,473 _bPB |
||
| 365 |
_b1699 _cRs |
||
| 650 | _aComputer Science | ||
| 650 | _aComputer Science | ||
| 906 | _adifferential ; equations ; MATLAB ; modeling ; ordinary ; partial ; Practical ; simulating ; simulink:programming ; with | ||
| 999 |
_c211928 _d211928 |
||